Quizduell Fragen – Mittel #3 - Statistiken

Allgemein
  • Dieses Quiz wurde 221 mal gespielt
  • Das Durchschnittsergebnis liegt bei 6 aus 19
Antwortstatistiken
Kategorie Frage Antwort % Korrekt
Sport & Freizeit Wie viele Hürden gibt es beim 110-Meter-Hürdenlauf? 10
80%
Musik & Hits Welcher Ton hat eine Frequenz von 440 Hertz? A
70%
Die 2000er In welchem Jahr starb Nelson Mandela? 2013
61%
Wunder der Technik Wie viele PS hatte der Citroën 2CV (die „Ente“) bei der Einführung 1948? 9
58%
Rund um die Welt In welcher Stadt findet man die „Porta Nigra“? Trier
46%
TV-Serien Mr. Spock aus „Star Trek“ ist halb Mensch und halb ...? Vulkanier
43%
Computerspiele Wie heißt das Geld in „Die Sims“? Simoleon
29%
Körper & Geist Was ist ein Nephrologe? Nierenarzt
25%
Draußen im Grünen Was ist ein Axolotl? Lurch
22%
Essen & Trinken Wie heißt die Kreuzung aus Grapefruit und Pampelmuse? Pomelo
21%
Im Labor Was sind Spica, Aldebaran und Hamal? Sterne
19%
Kinofilme Seit wann werden in den USA die Golden Globes verliehen? 1944
18%
Medien & Unterhaltung Wer ist der Vater von Emilio Estevez? Martin Sheen
17%
Zeugen der Zeit Wie wird die Zeit von 1920 bis 1930 im US-amerikanischen Sprachraum genannt? Roaring Twenties
11%
Macht & Geld Wer war als erste Frau Außenministerin der USA (1997 bis 2001)? Madeleine Albright
10%
Comics Wer erfand und zeichnet die Cartoons namens „NICHTLUSTIG“? Joscha Sauer
9%
Bücher & Wörter Wer ist der Autor der Kolumne „Zwiebelfisch“? Bastian Sick
8%
Kunst & Kultur Was ist ein Leporello? Faltheft
5%
Glaube & Religion Was ist in einigen muslimischen Gebetsteppichen eingenäht? Kompass
5%
Keine übereinstimmenden Quizze gefunden
Verteilung der Resultate
Anzahl Personen mit jedem Resultat
Perzentil nach korrekt beantworteten Fragen
Ihre Resultats-Entwicklung
Sie haben dieses Quiz noch nicht gespielt